<?xml version="1.0" encoding="UTF-8"?>
<collection xmlns="http://www.loc.gov/MARC21/slim">
 <record>
  <leader>05177nam a2200373 a 4500</leader>
  <controlfield tag="001">kal4191</controlfield>
  <controlfield tag="003">Gr-AtHEAL</controlfield>
  <controlfield tag="005">20160505141511.0</controlfield>
  <controlfield tag="006">m        d        </controlfield>
  <controlfield tag="008">160413s2015    gr      s           gre|c</controlfield>
  <datafield tag="020" ind1=" " ind2=" ">
   <subfield code="a">9789606034572</subfield>
  </datafield>
  <datafield tag="040" ind1=" " ind2=" ">
   <subfield code="a">GR-AtHEAL</subfield>
   <subfield code="b">gre</subfield>
   <subfield code="c">GR-AtHEAL</subfield>
  </datafield>
  <datafield tag="082" ind1="0" ind2="4">
   <subfield code="a">004.67</subfield>
   <subfield code="2">23</subfield>
  </datafield>
  <datafield tag="100" ind1="1" ind2=" ">
   <subfield code="a">Παπαδόπουλος, Απόστολος.</subfield>
   <subfield code="8">2475</subfield>
  </datafield>
  <datafield tag="245" ind1="1" ind2="0">
   <subfield code="a">Ανάκτηση πληροφορίας</subfield>
   <subfield code="h">[Ηλεκτρονικός πόρος] </subfield>
   <subfield code="b">Θεωρία, αλγόριθμοι, εφαρμογες</subfield>
   <subfield code="c">Παπαδόπουλος, Απόστολος ; Μανωλόπουλος, Ιωάννης ; Τσίχλας, Κωνσταντίνος ; Κριτικός αναγνώστης,Κατσαρός, Δημήτριος ; Τεχνική επιμέλεια,Καρύδης, Ιωάννης ; Γλωσσική επιμέλεια,Κούγκα, Μαργαρίτα.</subfield>
  </datafield>
  <datafield tag="260" ind1=" " ind2=" ">
   <subfield code="a">Αθήνα :</subfield>
   <subfield code="b">Σύνδεσμος Ελληνικών Ακαδημαϊκών Βιβλιοθηκών,</subfield>
   <subfield code="c">c2015.</subfield>
  </datafield>
  <datafield tag="490" ind1=" " ind2=" ">
   <subfield code="a">Ακαδημαϊκά Ηλεκτρονικά Συγγράμματα και Βοηθήματα Κάλλιπος</subfield>
   <subfield code="8">40</subfield>
  </datafield>
  <datafield tag="505" ind1=" " ind2=" ">
   <subfield code="a">1. Εισαγωγή στην ανάκτηση πληροφορίας2. Αποτίμηση αποτελεσματικότητας3. To λογικό μοντέλο4. Το διανυσματικό μοντέλο5. Το πιθανοκρατικό μοντέλο6. Ο αντεστραμμένος κατάλογος7. Ο κατάλογος υπογραφών8. Λανθάνουσα σημασιολογική ανάλυση9. Ανάκτηση στον παγκόσμιο ιστό10. Μετατροπή ερωτήματος και ανατροφοδότηση σχετικότητας</subfield>
  </datafield>
  <datafield tag="520" ind1=" " ind2=" ">
   <subfield code="a">Το βιβλίο καλύπτει τα βασικά θέματα της περιοχής της Ανάκτησης Πληροφορίας δίνοντας στον αναγνώστη τις απαραίτητες γνώσεις για να γνωρίσει την περιοχή και να κατανοήσει τα βασικά εργαλεία. Αν και δεν απαιτούνται εξειδικευμένες γνώσεις, καλό θα είναι ο αναγνώστης να κατέχει βασικές γνώσεις Δομών Δεδομένων, Αλγορίθμων και Βάσεων Δεδομένων. Αρχικά δίνονται τα βασικότερα μοντέλα Ανάκτησης τα οποία έχουν χρησιμοποιηθεί. Στη συνέχεια, παρουσιάζονται δύο βασικοί μηχανισμοί καταλόγων: ο αντεστραμμένος κατάλογος και ο κατάλογος υπογραφών. Οι κατάλογοι χρησιμοποιούνται κυρίως για την αποδοτική απάντηση ερωτημάτων. Στη συνέχεια, καλύπτεται η Ανάδραση Σχετικότητας που προσβλέπει στην αύξηση της ακρίβειας των αποτελεσμάτων και παρακάτω καλύπτονται τα βασικότερα θέματα της Ανάκτησης στον Παγκόσμιο Ιστό. Το επόμενο κεφάλαιο μελετά τη Λανθάνουσα Σημασιολογική Ανάλυση,  που αποτελεί βασική τεχνική βελτίωσης της ποιτότητας των αποτελεσμάτων. Στο επόμενο κεφάλαιο, μελετούμε θέματα που αφορούν σε Παράλληλη Ανάκτηση Πληροφορίας που έχει σκοπό την αύξηση της επίδοσης των αλγορίθμων αναζήτησης χρησιμοποιώντας πολλαπλούς πόρους. Τέλος, το βιβλίο ολοκληρώνεται με ένα κεφάλαιο που περιέχει ειδικά θέματα.</subfield>
  </datafield>
  <datafield tag="650" ind1=" " ind2="0">
   <subfield code="a">Information retrieval.</subfield>
   <subfield code="8">2788</subfield>
  </datafield>
  <datafield tag="653" ind1=" " ind2=" ">
   <subfield code="a">Μοντέλα ανάκτησης</subfield>
  </datafield>
  <datafield tag="653" ind1=" " ind2=" ">
   <subfield code="a">Παράλληλη και κατανεμημένη ανάκτηση</subfield>
  </datafield>
  <datafield tag="653" ind1=" " ind2=" ">
   <subfield code="a">Επεξργασία ερωτημάτων</subfield>
  </datafield>
  <datafield tag="653" ind1=" " ind2=" ">
   <subfield code="a">Κατάλογοι</subfield>
  </datafield>
  <datafield tag="653" ind1=" " ind2=" ">
   <subfield code="a">Μηχανές αναζήτησης</subfield>
  </datafield>
  <datafield tag="653" ind1=" " ind2=" ">
   <subfield code="a">Επιστήμη υπολογιστών/Πληροφορική</subfield>
   <subfield code="a">Διαχείριση πληροφορίας</subfield>
   <subfield code="a">Αποθήκευση και ανάκτηση πληροφοριών</subfield>
  </datafield>
  <datafield tag="700" ind1="1" ind2=" ">
   <subfield code="a">Μανωλόπουλος, Ιωάννης</subfield>
   <subfield code="e">Συγγραφέας</subfield>
   <subfield code="8">2476</subfield>
  </datafield>
  <datafield tag="700" ind1="1" ind2=" ">
   <subfield code="a">Τσίχλας, Κωνσταντίνος</subfield>
   <subfield code="e">Συγγραφέας</subfield>
   <subfield code="8">2477</subfield>
  </datafield>
  <datafield tag="700" ind1="1" ind2=" ">
   <subfield code="a">Κατσαρός, Δημήτριος</subfield>
   <subfield code="e">Κριτικός αναγνώστης</subfield>
   <subfield code="8">2478</subfield>
  </datafield>
  <datafield tag="856" ind1="4" ind2="0">
   <subfield code="u">http://hdl.handle.net/11419/4191</subfield>
   <subfield code="z">Πλήρες Κείμενο - Full text</subfield>
  </datafield>
  <datafield tag="907" ind1=" " ind2=" ">
   <subfield code="a">.b25678723</subfield>
   <subfield code="b">12-06-18</subfield>
   <subfield code="c">29-07-16</subfield>
  </datafield>
  <datafield tag="949" ind1=" " ind2=" ">
   <subfield code="0">0</subfield>
   <subfield code="1">0</subfield>
   <subfield code="2">ddc</subfield>
   <subfield code="4">0</subfield>
   <subfield code="6">004_670000000000000_ΠΑΠ</subfield>
   <subfield code="7">0</subfield>
   <subfield code="8">KALL</subfield>
   <subfield code="8">631</subfield>
   <subfield code="d">2016-04-13</subfield>
   <subfield code="r">2016-04-13</subfield>
   <subfield code="w">2016-04-13</subfield>
   <subfield code="z">004.67 ΠΑΠ</subfield>
   <subfield code="o">SEAB KALLIPOS</subfield>
  </datafield>
  <datafield tag="998" ind1=" " ind2=" ">
   <subfield code="a">80</subfield>
   <subfield code="a">01</subfield>
   <subfield code="a">02</subfield>
   <subfield code="a">03</subfield>
   <subfield code="a">04</subfield>
   <subfield code="a">05</subfield>
   <subfield code="a">06</subfield>
   <subfield code="a">07</subfield>
   <subfield code="a">08</subfield>
   <subfield code="a">09</subfield>
   <subfield code="a">10</subfield>
   <subfield code="a">11</subfield>
   <subfield code="a">12</subfield>
   <subfield code="a">13</subfield>
   <subfield code="a">14</subfield>
   <subfield code="a">15</subfield>
   <subfield code="a">16</subfield>
   <subfield code="a">17</subfield>
   <subfield code="a">18</subfield>
   <subfield code="a">19</subfield>
   <subfield code="a">20</subfield>
   <subfield code="a">21</subfield>
   <subfield code="a">22</subfield>
   <subfield code="a">23</subfield>
   <subfield code="a">24</subfield>
   <subfield code="a">25</subfield>
   <subfield code="a">26</subfield>
   <subfield code="b">12-05-17</subfield>
   <subfield code="c">m</subfield>
   <subfield code="d">z  </subfield>
   <subfield code="e">-</subfield>
   <subfield code="f">gre</subfield>
   <subfield code="g">gr </subfield>
   <subfield code="h">0</subfield>
  </datafield>
  <datafield tag="942" ind1=" " ind2=" ">
   <subfield code="2">ddc</subfield>
   <subfield code="c">KALLIPOS</subfield>
  </datafield>
 </record>
</collection>
